Every Croatian City and Town over 10 000 population 2022 - Statistics

General Stats
  • This quiz has been taken 143 times
  • The average score is 32 of 59
Answer Stats
County Population Answer % Correct
GZ 769,944 Zagreb
100%
SPŽ 161,312 Split
99%
ZDŽ 70,829 Zadar
94%
DNŽ 41,671 Dubrovnik
91%
PGŽ 108,622 Rijeka
91%
52,411 Pula
89%
OBŽ 96,848 Osijek
87%
ŠKŽ 42,589 Šibenik
82%
49,594 Karlovac
81%
VSŽ 23,536 Vukovar
80%
BPŽ 50,039 Slavonski Brod
78%
43,999 Varaždin
78%
SMŽ 40,185 Sisak
75%
BBŽ 36,433 Bjelovar
68%
PSŽ 22,364 Požega
67%
ZGŽ 61,198 Velika Gorica
66%
KKŽ 28,666 Koprivnica
65%
13,039 Rovinj
64%
27,266 Čakovec
61%
ŠKŽ 11,755 Knin
61%
16,666 Poreč
61%
LSŽ 11,464 Gospić
60%
SDŽ 13,344 Makarska
60%
SDŽ 12,429 Trogir
60%
VSŽ 31,057 Vinkovci
60%
12,767 Umag
59%
VPŽ 19,366 Virovitica
59%
SDŽ 23,574 Sinj
58%
KKŽ 19,052 Križevci
55%
ZGŽ 37,481 Samobor
55%
KZŽ 11,553 Krapina
54%
12,251 Ogulin
54%
SMŽ 20,165 Petrinja
53%
SDŽ 37,951 Kaštela
52%
ZGŽ 24,186 Zaprešić
52%
PGŽ 10,661 Opatija
51%
OBŽ 23,687 Đakovo
48%
SDŽ 24,912 Solin
47%
SMŽ 19,681 Kutina
46%
BBŽ 10,159 Daruvar
45%
SDŽ 14,125 Omiš
41%
PGŽ 10,004 Crikvenica
40%
ZGŽ 17,861 Dugo Selo
38%
DNŽ 15,349 Metković
38%
ZGŽ 18,307 Sveta Nedelja
36%
ZGŽ 13,028 Ivanić Grad
35%
BPŽ 11,719 Nova Gradiška
33%
VPŽ 11,524 Slatina
33%
10,488 Labin
28%
OBŽ 14,336 Našice
28%
SMŽ 11,234 Novska
27%
ZGŽ 14,703 Sveti Ivan Zelina
26%
ZGŽ 13,052 Vrbovec
26%
10,207 Duga Resa
24%
11,872 Novi Marof
22%
12,785 Ivanec
19%
PGŽ 10,265 Kastav
18%
SMŽ 10,306 Popovača
9%
ZGŽ 14,657 Jaska
5%
No matching quizzes found
Score Distribution
Percent of People with Each Score
Percentile by Number Answered
Your Score History
You have not taken this quiz